| 000 | 00671nam a22002297a 4500 | ||
|---|---|---|---|
| 005 | 20170124110121.0 | ||
| 010 | _aB-212984 | ||
| 020 |
_c400.00 _a9788175511156 |
||
| 035 | _aB-212984 | ||
| 037 | _bCen Lib/Ret | ||
| 040 |
_aDPL _bEN |
||
| 082 |
_aN _bNAR |
||
| 100 |
_aNarendra Kumar, V.L.V.N. _930551 |
||
| 245 |
_aParsee novel / _cby V.L.V.N. Narendra Kumar |
||
| 260 |
_bPrestige Books _c2002 _aNew Delhi |
||
| 270 |
_bNew delhi _a3/28, east patel nagar _e11008 |
||
| 300 |
_a167p. _c23cm(Hb) |
||
| 500 | _aIncludes bibliographical references and index | ||
| 650 |
_aParsees in literature _930552 |
||
| 650 |
_aNovel _922513 |
||
| 942 |
_2ddc _cEN _hN _mNAR |
||
| 999 |
_c130995 _d130995 |
||